Statistiques concernant Mots récurrents espagnol (T-U-V)

Cliquez ici pour prendre le quiz!

Statistiques générales

  • Ce quiz a été pris 6 fois
  • Le résultat moyen est 4 sur 30

Statistiques - réponses

HintRéponse% Correct
Voie (général)La vía
100%
Toucher (tact)Tocar
100%
Vérifier (prouver les faits)Verificar
100%
TaireCallar
75%
VendreVender
67%
Voler (avion)Volar
67%
Se taireCallarse
50%
VoitureEl coche
50%
Tromper (se tromper)Equivocarse
50%
Voler (dérober)Robar
50%
TraiterTratar
50%
VitesseLa velocidad
33%
Les usagersLos usuarios
33%
À long termeA largo plazo
25%
TauxLa tasa
25%
À court termeA corto plazo
0%
Toucher (crise)Afectar
0%
À moyen termeA medio plazo
0%
Vérifier (s’assurer de qqch)Cerciorarse de
0%
Toucher (de l’argent)Cobrar
0%
VérifierComprobar
0%
Voie (figuré)El camino
0%
Terrain (sport)El campo
0%
Le vieillissementEl envejecimiento
0%
TaxeEl impuesto
0%
VoleurEl ladrón
0%
Le trafiquant de drogueEl narcotraficante
0%
Trafic de drogueEl narcotrafico
0%
Traitement (données, commandes)El procesamiento
0%
VillageEl pueblo
0%
Ticket de caisseEl recibo
0%
TimbreEl sello
0%
Terrain (à bâtir)El solar
0%
Terme (mot)El término
0%
Tremblement de terreEl terremoto
0%
Terrain (général)El terreno
0%
TicketEl ticket
0%
Taux d’intérêtEl tipo de interés
0%
Le TravailleurEl trabajador
0%
Traitement (général)El tratamiento
0%
TouristeEl turista
0%
UsageEl uso
0%
Le vendeurEl vendedor
0%
Voix (élections)El voto
0%
Tromper (qqn)Engañar
0%
VieillirEnvejecer
0%
TaxerGravar
0%
la TVAImpuesto sobre el Valor Añadido
0%
Travail (de) (adjectif)Laboral
0%
UsineLa fábrica
0%
TestLa prueba
0%
Travaux (chantier)Las obras
0%
TâcheLa tarea
0%
TarifLa tarifa
0%
La venteLa venta
0%
VoteLa votación
0%
Vérifier (contrôler)Revisar
0%
Faire taire qqn (passer sous silence)Silenciar
0%
Tendu (être)Tenso (estar)
0%
Du tiers-monde (adj)Tercermundista
0%
Tiers-mondeTercer mundo
0%
Vigueur (être en)Vigente (ser)
0%

Distribution des résultats

Percentile par nombre de réponses

% des personnes avec chaque résultat

Votre développement - résultats

Vous n’avez pas pris ce quiz